Plan de lucha contra las plagas del campo / (Record no. 135978)

MARC details
000 -LEADER
campo de control de longitud fija 00484nam a2200157 4500
001 - NÚMERO DE CONTROL
campo de control 135978
003 - IDENTIFICADOR DE NÚMERO DE CONTROL
campo de control ES-MaACL
005 - FECHA Y HORA DE LA ÚLTIMA TRANSACCIÓN
campo de control 20230906195014.0
007 - CAMPO FIJO DE DESCRIPCIÓN FÍSICA--INFORMACIÓN GENERAL
campo de control de longitud fija t|
008 - DATOS DE LONGITUD FIJA--INFORMACIÓN GENERAL
campo de control de longitud fija 070214s1958 sp r ||||1| spa d
100 1# - ENTRADA PRINCIPAL--NOMBRE DE PERSONA
Nombre de persona Ruiz de Gordoa, José.
9 (RLIN) 100742
245 10 - MENCIÓN DEL TÍTULO
Título Plan de lucha contra las plagas del campo /
Mención de responsabilidad, etc. por D. José Ruiz de Gordoa.
260 ## - PUBLICACIÓN, DISTRIBUCIÓN, ETC.
Lugar de publicación, distribución, etc. Vitoria :
Nombre del editor, distribuidor, etc. [s. n.],
Fecha de publicación, distribución, etc. 1958 (
Fabricante Tall. Tip. Egaña)
300 ## - DESCRIPCIÓN FÍSICA
Extensión 244 p. :
Otras características físicas il. ;
Dimensiones 23 cm.
852 ## - LOCALIZACIÓN
Ubicación ES-MaACL
Número de control de estantería C-14941
Sublocalización o colección R.42971
Holdings
Estatus retirado Estado de pérdida Estado de daño No para préstamo Biblioteca de origen Biblioteca actual Ubicación en estantería Fecha de adquisición Fuente de adquisición Total de préstamos Signatura topográfica completa Código de barras Visto por última vez Precio de reemplazo Tipo de ítem Koha
        Biblioteca del Ateneo de Madrid Biblioteca del Ateneo de Madrid Ficheros 17/01/2008     C-14941 1141521 23/02/2023 23/02/2023 Libro impreso